Changing of the guard
| Main Author: | Perry, Steve |
|---|---|
| Other Authors: | Segriff, Larry, Clancy, Tom, Pieczenik, Steve |
| Published: |
London:
Penguin Books,
2003.
|
| Series: |
Tom Clancy's net force
|
| Subjects: |
| LEADER | 00540cam a2200181 7i4500 | ||
|---|---|---|---|
| 001 | 0000007723 | ||
| 005 | 20150915090000.0 | ||
| 020 | |a 0141011416 | ||
| 090 | 0 | 0 | |a F |b PER 2003 |
| 100 | 1 | |a Perry, Steve | |
| 245 | 1 | 0 | |a Changing of the guard |c created by Tom Clancy and Steve Pieczenik; written by Steve Perry and Larry Segriff. |
| 260 | |a London: |b Penguin Books, |c 2003. | ||
| 300 | |a 319 p.; |c 18 cm. | ||
| 490 | 1 | |a Tom Clancy's net force | |
| 650 | 0 | 0 | |a English fiction |
| 700 | 1 | |a Segriff, Larry | |
| 700 | 1 | |a Clancy, Tom | |
| 700 | 1 | |a Pieczenik, Steve | |


